Welcome to the Holygrace Academy Library

Please use search bar below to get started

CUET-ECONOMICS PRACTICE PAPERS (Record no. 8938)

MARC details
000 -LEADER
fixed length control field 00353nam a22001337a 4500
082 ## - DEWEY DECIMAL CLASSIFICATION NUMBER
Classification number 330
Item number KAN/C
100 ## - MAIN ENTRY--AUTHOR NAME
Personal name KANT, RAVI
245 ## - TITLE STATEMENT
Title CUET-ECONOMICS PRACTICE PAPERS
246 ## - VARYING FORM OF TITLE
Title proper/short title CUET-ECONOMICS PRACTICE PAPERS
Remainder of title CUET-ECONOMICS PRACTICE PAPERS
260 ## - PUBLICATION, DISTRIBUTION, ETC. (IMPRINT)
Place of publication NEW DELHI
Name of publisher INTER UNIVERSITY PRESS
Year of publication 2024
300 ## - PHYSICAL DESCRIPTION
Number of Pages 95
650 ## - SUBJECT ADDED ENTRY--TOPICAL TERM
Topical Term ECONOMICS
942 ## - ADDED ENTRY ELEMENTS (KOHA)
Koha item type Books
Holdings
Withdrawn status Lost status Collection code Home library Current library Shelving location Date acquired Source of acquisition Cost, normal purchase price Full call number Accession Number Koha item type
    Reference Main Library Main Library NEW SHELF WITH NEW ENTRY 05/09/2024 PURCHASED 350.00 330 KAN/C 13701 Books